00302pab a2200097 454500008003600000100002300036245008500059300001500144650001100159773003400170180718b xxu||||| |||| 00| 0 eng d aSabar, Bhubaneswar aQuestioning history: Excluded citizen and state response to demand for inclusion ap.241-248. aTribes aEconomic and Political Weekly